• 首页
  • 本馆介绍
  • 公告通知
  • 最新文献
  • 馆藏检索
  • 电子资源
  • 读者导购
  • 参考咨询
  • 我的图书馆
  • 登录
  • 详细信息显示
  • 放入我的书架
  • 预约/预借图书
  • 作者相关作品
  • 分类相关作品
  • 丛书相关作品
  • 出版社相关作品

书目信息

  • 表格格式
  • 工作单格式
  • 卡片格式
书名: California
作者: James J. Rawls, Walton Bean.
分册号:
分册名:
出版地: Boston :
 
出版社: McGraw-Hill
出版时间: c2003.
页数: xv, 585 p., [8] p. of plates :
开本: 24 cm.
丛书名:
中图分类号:
科图分类号:
其他分类号: K712.9
主题词:
电子资源: http://www.loc.gov/catdir/toc/mh031/2002021272.html      http://www.loc.gov/catdir/description/mh031/2002021272.html     
000 01281cam a2200313 a 450
001 E0733456248
005 20070321092031.81
008 020325s2003 mauabf b 001 0 eng
010    @a2002021272
020    @a0072424389 (alk. paper).
020    @a0072552557 (pbk. : alk. paper).
040    @aDLC@cDLC@dDLC
043    @an-us-ca
050 00 @aF861@b.R38 2003
090    @aK712.9
099    @dK712.9@ex8=8
100 1  @aRawls, James J.
245 10 @aCalifornia :@ban interpretive history / @cJames J. Rawls, Walton Bean.
250    @a8th ed.
260    @aBoston :@bMcGraw-Hill,@cc2003.
300    @axv, 585 p., [8] p. of plates :@bill. (some col.), maps ;@c24 cm.
504    @aIncludes bibliographical references and indexes.
651  0 @aCalifornia@xHistory.
700 1  @aBean, Walton.
856 41 @3 Table of contents@uhttp://www.loc.gov/catdir/toc/mh031/2002021272.html
856 42 @3 Publisher description@uhttp://www.loc.gov/catdir/description/mh031/2002021272.html
906    @a7@bcbc@corignew@d1@eocip@f20@gy-gencatlg
925 0  @aacquire@b1 shelf copy@xpolicy default
955    @apc03 2002-03-25 to HLCD@clk50 2002-03-28@dlk29 2002-03-28, AA3s, to SL@elh09 to Dewey 2002-03-29@aps02 2002-09-24 bk rec’d, to CIP ver.@fpv21 2002-10-07 CIP ver. to BCCD
    
    California : : an interpretive history / / James J. Rawls, Walton Bean.-8th ed.-Boston : : McGraw-Hill, , c2003.
    xv, 585 p., [8] p. of plates : : ill. (some col.), maps ; ; 24 cm.
    Includes bibliographical references and indexes.
    
    ISBN 0072424389 (alk. paper).
    
●
相关链接 在E读中查询图书 在五车中查询图书 在当当中查询图书 在豆瓣中查询图书


正题名:California     索取号:K712.9/x8=8         预约/预借

序号 登录号 条形码 馆藏地/架位号 状态 备注
1 0003301   300033014   第二样本阅览室/ [索取号:K712.9/x8=8] 在馆    
2 0003302   300033023   第四借阅区/ [索取号:K712.9/x8=8] 在馆    
3 0003303   300033032   第四借阅区/ [索取号:K712.9/x8=8] 在馆    
唐山师范学院图书馆 欢迎您!
大连网信软件有限公司© 版权所有